000 00395 a2200157 4500
001 153085
040 _cEscola São Tomás de Aquino
100 _aMARTINELLI, Tânia Alexandre
240 1 0 _aProcura-se um planeta sustentável
_lpor
245 1 0 _aProcura-se um planeta sustentável
300 _a112
362 0 _a2004
440 1 _aScipione
697 _a*LITERATURA JUVENIL
942 _cBK
999 _c153085
_d153085